Sports Quiz

Random Sports or Football Quiz
Score 0/20 Timer 08:00
0 Plays Today
Region (World Ranking (Oct 2010)) Country % Correct
Europe (1)Spain
93.2%
Europe (8)Portugal
89.5%
Europe (4)Germany
88.7%
E.Asia (30)Japan
84.5%
Europe (16)Italy
80.5%
N. America (25)USA
78.9%
C. America (28)Mexico
72.9%
Europe (9)Croatia
64.2%
Europe (69)Poland
62.4%
S. America (100)Bolivia
59.7%
Region (World Ranking (Oct 2010)) Country % Correct
Europe (29)Turkey
56.8%
Middle East (109)Qatar
54.2%
Europe (62)Belgium
53.4%
N. Africa (45)Tunisia
53.4%
Europe (43)Bulgaria
37.4%
E. Asia (139)Vietnam
33.4%
Europe (91)Azerbaijan
21.8%
Europe (60)Armenia
17.6%
W. Africa (167)Equatorial Guinea
13.4%
SE. Asia (137)Hong Kong
12.4%
Remove Ads.
Support Sporcle.
Get the best of Sporcle when you Go Orange. This ad-free experience offers more features, more stats, and more fun while also helping to support Sporcle. Thank you for becoming a member.

You're not logged in!

Compare scores with friends on all Sporcle quizzes.
OR
Log In

Show Comments

Extras

Top Quizzes Today


Score Distribution

Your Account Isn't Verified!

In order to create a playlist on Sporcle, you need to verify the email address you used during registration. Go to your Sporcle Settings to finish the process.

Report this User

Report this user for behavior that violates our Community Guidelines.

Details: